| 000 | 00921nam a2200205Ia 4500 | ||
|---|---|---|---|
| 003 | IN-BaIIA | ||
| 008 | 211028s9999 xx 000 0 eng d | ||
| 020 | _a0-7923-4223-2 | ||
| 040 | _cIIA Library | ||
| 080 |
_a52(082.1) _bASS-209 |
||
| 111 |
_aInternational Astronomical Union Colloquium on Eruptive Solar Flares _cJohannesburg _d1996 Jan. 22-26 _920989 |
||
| 245 | 0 |
_aNew extragalactic perspectives in the New South Africa _bproceedings of the international Conference on "Cold Dust & Galaxy Morphology", held in Johannesburg, South Africa, Jan 22-26, 1996 _cedited by David L Block and J. Mayo Greenberg |
|
| 260 |
_aDordrecht _bKluwer Academic _c1996 |
||
| 300 | _a[various pagings.] | ||
| 650 |
_aExtragalactic perspectives _920990 |
||
| 650 |
_aPerspective _920560 |
||
| 700 |
_aBlock, David L., ed. _920991 |
||
| 700 |
_aGreenberg, J. Mayo., ed. _95546 |
||
| 942 | _cBK | ||
| 999 |
_c12058 _d12058 |
||